[Event "Titled Tuesday intern op 30th May Late"]
[Site "Chess.com INT"]
[Date "2023.05.30"]
[Round "9"]
[White "Bashirli, Nail Qoshqar"]
[Black "Deac, Bogdan Daniel"]
[Result "1/2-1/2"]
[WhiteElo "2326"]
[BlackElo "2700"]
[PlyCount "153"]
[EventDate "2023.05.30"]
[EventType "swiss (blitz)"]
[EventRounds "11"]
[EventCountry "USA"]
[SourceTitle "CBM 214 Extra"]
[Source "ChessBase"]
[SourceDate "2023.07.31"]
[SourceVersion "1"]
[SourceVersionDate "2023.07.31"]
[SourceQuality "1"]

1. e4 c6 2. Nc3 d5 3. d4 dxe4 4. Nxe4 Nf6 5. Nxf6+ exf6 6. c3 Bd6 7. Bd3 Na6 8. Ne2 Nc7 9. 0-0 h5 10. Re1 Kf8 11. c4 g6 12. Nc3 Kg7 13. Be3 Be6 14. Qc2 h4 15. h3 Qd7 16. Bf1 Bf5 17. Qb3 Ne6 18. Rad1 Ng5 19. c5 Bb8 20. d5 Nxh3+ 21. gxh3 Bxh3 22. Qc4 Bxf1 23. Rxf1 cxd5 24. Qxd5 Qh3 25. Qg2 Qf5 26. Kh1 Be5 27. Bd4 Bxd4 28. Rxd4 Rad8 29. Rfd1 Rxd4 30. Rxd4 Qxc5 31. Qd5 Qc7 32. Qd6 Qc8 33. Qd7 Qb8 34. Rd6 h3 35. Nd5 Re8 36. Nxf6 Re1+ 37. Kh2 Re6 38. Kxh3 Rxf6 39. Rxf6 Kxf6 40. Qd4+ Qe5 41. Qxa7 Qxb2 42. Kg2 Kg7 43. a4 Qb4 44. a5 g5 45. Kg1 g4 46. Qb8 Qxa5 47. Qxb7 Qe5 48. Qb4 f5 49. Qb7+ Kg6 50. Qb1 Kg5 51. Qc1+ Kh5 52. Qc8 Qe1+ 53. Kg2 Qe4+ 54. Kg1 Qe5 55. Qg8 Kh4 56. Qh7+ Kg5 57. Qg8+ Kf4 58. Qc4+ Qe4 59. Qc7+ Kg5 60. Qg7+ Kh5 61. Qh7+ Kg5 62. Qg7+ Kf4 63. Qc7+ Kf3 64. Qc3+ Ke2 65. Qb2+ Kd1 66. Qb3+ Kd2 67. Qb2+ Qc2 68. Qd4+ Ke2 69. Qe5+ Kd1 70. Qa1+ Qc1 71. Qd4+ Ke2+ 72. Kh2 Qc7+ 73. Kg2 Qc6+ 74. Kg1 Qe4 75. Qb2+ Ke1 76. Qc1+ Ke2 77. Qb2+ 1/2-1/2

[Event "Titled Tuesday intern op 30th May Late"]
[Site "Chess.com INT"]
[Date "2023.05.30"]
[Round "5"]
[White "Estrada Nieto, Julian"]
[Black "Bashirli, Nail Qoshqar"]
[Result "0-1"]
[WhiteElo "2215"]
[BlackElo "2326"]
[PlyCount "114"]
[EventDate "2023.05.30"]
[EventType "swiss (blitz)"]
[EventRounds "11"]
[EventCountry "USA"]
[SourceTitle "CBM 214 Extra"]
[Source "ChessBase"]
[SourceDate "2023.07.31"]
[SourceVersion "1"]
[SourceVersionDate "2023.07.31"]
[SourceQuality "1"]

1. e4 b6 2. d4 Bb7 3. Nc3 e6 4. Nf3 Bb4 5. Bd3 Ne7 6. 0-0 0-0 7. Qe2 d6 8. Nd1 b5 9. Bxb5 Nd7 10. c3 Ba5 11. a4 c5 12. Bf4 a6 13. Bd3 Nf6 14. Bg5 cxd4 15. cxd4 Nd7 16. Ne3 h6 17. Bh4 Re8 18. Nc4 Bb4 19. e5 dxe5 20. dxe5 Nb6 21. Rad1 Bd5 22. Nxb6 Qxb6 23. Be4 Bxe4 24. Qxe4 Nf5 25. Rd7 a5 26. Rfd1 Rac8 27. Bf6 Qc6 28. Qxc6 Rxc6 29. g4 gxf6 30. gxf5 exf5 31. R1d5 Rc5 32. Rxc5 Bxc5 33. exf6 Re2 34. Rd2 Re4 35. Rd5 Rc4 36. Rxf5 Rc2 37. Ne5 Bd4 38. Ng4 Kh7 39. b3 Kg6 40. Rd5 Rd2 41. Kf1 h5 42. Ne5+ Kxf6 43. Nf3 Rxf2+ 44. Ke1 Rxf3 45. Rxd4 Rxb3 46. Rd5 h4 47. Rxa5 Rb2 48. h3 Rb3 49. Ra6+ Kg5 50. Ra7 f5 51. Rg7+ Kf4 52. a5 Rxh3 53. a6 Ra3 54. a7 h3 55. Kd2 h2 56. Rh7 Rxa7 57. Rxh2 Ra2+ 0-1

[Event "Titled Tuesday intern op 30th May Late"]
[Site "Chess.com INT"]
[Date "2023.05.30"]
[Round "3"]
[White "Vovk, Orest"]
[Black "Bashirli, Nail Qoshqar"]
[Result "1/2-1/2"]
[WhiteElo "2315"]
[BlackElo "2326"]
[PlyCount "167"]
[EventDate "2023.05.30"]
[EventType "swiss (blitz)"]
[EventRounds "11"]
[EventCountry "USA"]
[SourceTitle "CBM 214 Extra"]
[Source "ChessBase"]
[SourceDate "2023.07.31"]
[SourceVersion "1"]
[SourceVersionDate "2023.07.31"]
[SourceQuality "1"]

1. g4 Nf6 2. g5 Ng8 3. Bg2 a5 4. h4 a4 5. a3 g6 6. h5 Bg7 7. h6 Bf8 8. d4 d5 9. Nc3 c6 10. e4 dxe4 11. Nxe4 Bf5 12. Ne2 Bxe4 13. Bxe4 e6 14. Bf4 Bd6 15. Qd2 Ne7 16. 0-0-0 Na6 17. Be5 Bxe5 18. dxe5 Qxd2+ 19. Rxd2 Nc5 20. Nc3 Nd5 21. Bxd5 cxd5 22. Nb5 Ke7 23. Nd6 Ra6 24. Rh4 Nd7 25. f4 Rxd6 26. exd6+ Kxd6 27. c4 Rc8 28. f5 gxf5 29. Kd1 Nb6 30. cxd5 Nxd5 31. Rxa4 Rg8 32. Ra7 Kc6 33. b4 Rxg5 34. Ra8 Rh5 35. Rc8+ Kd7 36. Rf8 Ke7 37. Rb8 b5 38. Rxd5 exd5 39. Rxb5 Kd6 40. a4 f4 41. Ke2 Rh3 42. a5 Ra3 43. Rb6+ Ke5 44. Rb7 Ra2+ 45. Kf3 Ra3+ 46. Ke2 d4 47. Rxf7 Ra2+ 48. Kd3 Ra3+ 49. Kd2 f3 50. Rxh7 Ra2+ 51. Kd3 Ra3+ 52. Kd2 Ke6 53. Rh8 Kf7 54. h7 Ra2+ 55. Kd3 Kg7 56. Rf8 Ra3+ 57. Kxd4 Kxh7 58. Ke4 Rb3 59. Rxf3 Rxb4+ 60. Ke3 Rb5 61. a6 Ra5 62. Rf6 Kg7 63. Rb6 Kf7 64. Kd4 Ke7 65. Kc4 Kd7 66. Kb4 Ra1 67. Rh6 Kc7 68. Kb5 Rb1+ 69. Ka5 Ra1+ 70. Kb5 Rb1+ 71. Kc5 Kb8 72. Kc4 Ka7 73. Kc3 Rc1+ 74. Kb2 Rc7 75. Kb3 Re7 76. Kb4 Rd7 77. Kb5 Rc7 78. Rd6 Rf7 79. Kc5 Rh7 80. Kb5 Rc7 81. Ka5 Rh7 82. Kb5 Rh5+ 83. Kb4 Rh7 84. Kb5 1/2-1/2

[Event "Titled Tuesday intern op 25th Apr Early"]
[Site "Chess.com INT"]
[Date "2023.04.25"]
[Round "3"]
[White "Bashirli, Nail Qoshqar"]
[Black "Durarbayli, Vasif"]
[Result "1-0"]
[WhiteElo "2326"]
[BlackElo "2627"]
[PlyCount "85"]
[EventDate "2023.04.25"]
[EventType "swiss (blitz)"]
[EventRounds "11"]
[EventCountry "USA"]
[SourceTitle "EXT 2024"]
[Source "ChessBase"]
[SourceDate "2023.10.10"]
[SourceVersion "1"]
[SourceVersionDate "2023.10.10"]
[SourceQuality "1"]

1. e4 c5 2. Nf3 d6 3. Nc3 Nf6 4. d4 cxd4 5. Nxd4 Nc6 6. Bg5 Qb6 7. Nb3 e6 8. Qd2 a6 9. 0-0-0 Be7 10. f4 0-0 11. Be2 Rd8 12. g4 Bd7 13. Kb1 Rac8 14. f5 Na5 15. Nxa5 Qxa5 16. Nd5 Qxd2 17. Nxe7+ Kf8 18. Rxd2 Kxe7 19. Rhd1 Bc6 20. Bf3 h6 21. Bh4 e5 22. Re1 b5 23. Bf2 Ba8 24. Bb6 Rd7 25. b3 Rc3 26. Rd3 Rxd3 27. cxd3 Rb7 28. Be3 Rb8 29. h4 Nd7 30. Rc1 Bb7 31. g5 hxg5 32. hxg5 Rh8 33. Rc7 Bc8 34. Bg4 Kd8 35. Ra7 Rh4 36. Bd1 Rh3 37. Bd2 Rxd3 38. Ba5+ Ke7 39. Bc2 Rg3 40. Rc7 Rg1+ 41. Kb2 Kd8 42. f6 gxf6 43. gxf6 1-0

[Event "Titled Tuesday intern op 25th Apr Early"]
[Site "Chess.com INT"]
[Date "2023.04.25"]
[Round "7"]
[White "Bashirli, Nail Qoshqar"]
[Black "Steinberg, Nitzan"]
[Result "0-1"]
[WhiteElo "2326"]
[BlackElo "2546"]
[PlyCount "34"]
[EventDate "2023.04.25"]
[EventType "swiss (blitz)"]
[EventRounds "11"]
[EventCountry "USA"]
[SourceTitle "EXT 2024"]
[Source "ChessBase"]
[SourceDate "2023.10.10"]
[SourceVersion "1"]
[SourceVersionDate "2023.10.10"]
[SourceQuality "1"]

1. e4 g6 2. d4 Bg7 3. Nc3 d6 4. Nf3 a6 5. Be2 b5 6. 0-0 Bb7 7. Re1 Nd7 8. Bg5 c5 9. Qd2 cxd4 10. Nxd4 Ngf6 11. Bf3 Ne5 12. Rad1 0-0 13. Nd5 e6 14. Nxf6+ Bxf6 15. Bh6 Re8 16. c3 Qe7 17. Bf4 Nc4 0-1

[Event "Titled Tuesday intern op 28th Mar Early"]
[Site "Chess.com INT"]
[Date "2023.03.28"]
[Round "5"]
[White "Bashirli, Nail Qoshqar"]
[Black "Kubatko, Ivan"]
[Result "0-1"]
[WhiteElo "2343"]
[BlackElo "2257"]
[PlyCount "84"]
[EventDate "2023.03.28"]
[EventType "swiss (blitz)"]
[EventRounds "11"]
[EventCountry "USA"]
[SourceTitle "EXT 2024"]
[Source "ChessBase"]
[SourceDate "2023.10.10"]
[SourceVersion "1"]
[SourceVersionDate "2023.10.10"]
[SourceQuality "1"]

1. e4 d5 2. exd5 Qxd5 3. Nc3 Qa5 4. Nge2 Nf6 5. g3 h5 6. h4 Bg4 7. Bg2 Nc6 8. 0-0 0-0-0 9. b4 Nxb4 10. Rb1 c6 11. Rb3 e5 12. Ra3 Qb6 13. d3 Nbd5 14. Nxd5 Nxd5 15. Rb3 Qc7 16. c4 Nf6 17. Be3 Qa5 18. Re1 Bc5 19. Bd2 Qa6 20. Qb1 e4 21. d4 Bxd4 22. Nxd4 Rxd4 23. Be3 Rd7 24. Qb2 Rhd8 25. Ra3 Qxc4 26. Rxa7 Rd1 27. Ra8+ Kd7 28. Qxb7+ Ke8 29. Rxd1 Bxd1 30. Ra7 Qe6 31. Bc5 Nd7 32. Ba3 Bf3 33. Bf1 e3 34. Ra8 e2 35. Rxd8+ Kxd8 36. Qa8+ Kc7 37. Qa5+ Kc8 38. Qa8+ Nb8 39. Qa4 exf1Q+ 40. Kxf1 Qe2+ 41. Kg1 Qe1+ 42. Kh2 Qh1# 0-1

[Event "Titled Tuesday intern op 14th Feb Early"]
[Site "Chess.com INT"]
[Date "2023.02.14"]
[Round "5"]
[White "Hajiyev, Kanan"]
[Black "Bashirli, Nail Qoshqar"]
[Result "0-1"]
[WhiteElo "2183"]
[BlackElo "2348"]
[PlyCount "48"]
[EventDate "2023.02.14"]
[EventType "swiss (blitz)"]
[EventRounds "11"]
[EventCountry "USA"]
[SourceTitle "CBM 212 Extra"]
[Source "ChessBase"]
[SourceDate "2023.03.31"]
[SourceVersion "1"]
[SourceVersionDate "2023.03.31"]
[SourceQuality "1"]

1. d4 Nf6 2. Nf3 e6 3. c4 Bb4+ 4. Bd2 Bxd2+ 5. Qxd2 Qe7 6. Nc3 0-0 7. g3 d6 8. Bg2 e5 9. dxe5 dxe5 10. Nd5 Nxd5 11. cxd5 e4 12. Ng5 Bf5 13. 0-0 h6 14. Nh3 Nd7 15. Rac1 Nf6 16. Qf4 Bxh3 17. Bxh3 Nxd5 18. Qg4 Rad8 19. Rc4 f5 20. Qg6 Rd6 21. Qh5 Qe5 22. f4 Qxb2 23. Bxf5 Qb6+ 24. Kh1 Ne3 0-1

[Event "Titled Tuesday intern op 14th Feb Early"]
[Site "Chess.com INT"]
[Date "2023.02.14"]
[Round "6"]
[White "Makhnev, Denis"]
[Black "Bashirli, Nail Qoshqar"]
[Result "1-0"]
[WhiteElo "2483"]
[BlackElo "2348"]
[PlyCount "85"]
[EventDate "2023.02.14"]
[EventType "swiss (blitz)"]
[EventRounds "11"]
[EventCountry "USA"]
[SourceTitle "CBM 212 Extra"]
[Source "ChessBase"]
[SourceDate "2023.03.31"]
[SourceVersion "1"]
[SourceVersionDate "2023.03.31"]
[SourceQuality "1"]

1. d4 Nf6 2. c4 e6 3. Nf3 Bb4+ 4. Bd2 Qe7 5. e3 0-0 6. Bd3 Bxd2+ 7. Qxd2 d6 8. Nc3 e5 9. Bc2 c6 10. h3 e4 11. Nh2 d5 12. g4 dxc4 13. Nf1 Na6 14. a3 c5 15. d5 Rd8 16. g5 Nh5 17. Rg1 Bf5 18. Rd1 Nc7 19. d6 Qe5 20. Qe2 Rxd6 21. Rxd6 Qxd6 22. Qxh5 Rd8 23. Qe2 b5 24. Ng3 Bg6 25. h4 b4 26. Ncxe4 Qe5 27. h5 Bxe4 28. Bxe4 bxa3 29. f4 Qxb2 30. g6 c3 31. gxf7+ Kf8 32. h6 g6 33. Qxb2 cxb2 34. Bb1 Nb5 35. Ne4 c4 36. Rg2 c3 37. Rc2 Rc8 38. Ba2 a5 39. Ng5 Ke7 40. Nxh7 Nd6 41. f8Q+ Rxf8 42. Nxf8 Kxf8 43. Rxc3 1-0